Top 10 AFL players of all time - Statistics

General Stats
  • This quiz has been taken 435 times
  • The average score is 5 of 10
Answer Stats
Players Team Player % Correct
Hawthorn/Sydney (10) Lance Franklin
82%
Geelong/Hawthorn (2) Gary Ablett snr
81%
St Kilda/Sydney (3) Tony Lockett
75%
Hawthorn (1) Leigh Matthews
62%
Footscray (8) Ted Whitten
38%
Carlton (7) Stephen Silvagni
28%
Essendon (5) John Coleman
26%
Melbourne/Carlton (6) Ron Barassi
26%
South Melbourne/Melbourne (4) Bob Skilton
18%
Melbourne/Fitzroy (9) Norm Smith
14%
No matching quizzes found
Score Distribution
Percent of People with Each Score
Percentile by Number Answered
Your Score History
You have not taken this quiz